Language Quiz

Random Language or Letter Quiz

Word Laddyrinth XIV Quiz Stats

Quiz Updated Dec 23, 2016

Challenge
Share
Tweet
Embed
Score 0/192 Timer 07:00
0 Plays Today
% Correct
just
100%
0~O~0~O~0~O~0
100%
0~O~0~O~0~O~0
100%
FAIR
100%
be unsuccessful
100%
FAIL
100%
autumn
100%
two of a kind
100%
PAIR
100%
suffering
100%
FINISH
99.9%
0~O~0~O~0~O~0
96.4%
0~O~0~O~0~O~0
96.4%
corridor
96.4%
FALL
96.3%
0~O~0~O~0~O~0
95.4%
0~O~0~O~0~O~0
95.4%
cease
94.2%
HALL
94.2%
chess piece
91.9%
PAIN
91.8%
acquire
91.8%
0~O~0~O~0~O~0
91.4%
0~O~0~O~0~O~0
91.4%
daybreak
90.8%
PAWN
90.7%
0~O~0~O~0~O~0
90.7%
0~O~0~O~0~O~0
90.7%
0~O~0~O~0~O~0
90.6%
0~O~0~O~0~O~0
90.6%
towards the bottom
90.5%
DAWN
90.4%
mend socks
90.4%
0~O~0~O~0~O~0
90.3%
0~O~0~O~0~O~0
90.3%
0~O~0~O~0~O~0
89.7%
0~O~0~O~0~O~0
89.7%
sodium chloride
89.2%
HALT
89.1%
0~O~0~O~0~O~0
88.8%
0~O~0~O~0~O~0
88.8%
SALT
88.7%
river sediment
88.7%
commercial transaction
88.7%
village
87.3%
0~O~0~O~0~O~0
87.2%
0~O~0~O~0~O~0
87.2%
DOWN
87.2%
ripped
86.8%
TOWN
86.7%
maize
86.1%
TORN
86%
apple center
85.5%
CORN
85.4%
0~O~0~O~0~O~0
85.4%
0~O~0~O~0~O~0
85.4%
cipher; encryption
85.3%
CORE
85.2%
manner; method
82.4%
CODE
82.1%
GAIN
81.2%
SILT
81.1%
SALE
80.7%
0~O~0~O~0~O~0
79.6%
% Correct
0~O~0~O~0~O~0
79.6%
fabricated
79.5%
relocate
79.1%
MODE
79.1%
gradually diminish
78.8%
0~O~0~O~0~O~0
78.7%
0~O~0~O~0~O~0
78.7%
MADE
78.6%
labyrinth
78.6%
visage; countenance
76.4%
0~O~0~O~0~O~0
75.9%
0~O~0~O~0~O~0
75.9%
notoriety
75.8%
FADE
75.8%
MOVE
75.7%
MAZE
75.7%
0~O~0~O~0~O~0
75%
0~O~0~O~0~O~0
75%
FAME
72.5%
domesticated
72.5%
tempo
71.6%
0~O~0~O~0~O~0
71.2%
0~O~0~O~0~O~0
71.2%
FACE
70.9%
deal; agreement
70.9%
0~O~0~O~0~O~0
70.7%
0~O~0~O~0~O~0
70.7%
sheet of paper
70.4%
PACE
70.3%
TAME
69.8%
DARN
68.9%
time gone by
67.7%
poise; discretion
67.2%
0~O~0~O~0~O~0
67.2%
0~O~0~O~0~O~0
67.2%
PACT
67.2%
0~O~0~O~0~O~0
66.4%
0~O~0~O~0~O~0
66.4%
nuisance
65.8%
PAST
65.3%
optimum
65.1%
defeat
64.7%
PEST
64.4%
break; shatter
64.3%
BEST
64.3%
0~O~0~O~0~O~0
63.6%
0~O~0~O~0~O~0
63.6%
0~O~0~O~0~O~0
63.3%
0~O~0~O~0~O~0
63.3%
nautical vessel
62.5%
BEAT
62.2%
nut's partner
61.8%
sheep kin
61.7%
BOAT
61.6%
0~O~0~O~0~O~0
61.5%
0~O~0~O~0~O~0
61.5%
0~O~0~O~0~O~0
60.8%
0~O~0~O~0~O~0
60.8%
0~O~0~O~0~O~0
59.2%
0~O~0~O~0~O~0
59.2%
rate of pay
58.3%
fly variety
58.2%
aim
58.2%
GOAT
58.2%
% Correct
PAGE
58%
decline
56.7%
WAGE
56.2%
small nail
54.5%
TACT
54.3%
courageous
54.1%
BOLT
53.9%
0~O~0~O~0~O~0
52.6%
0~O~0~O~0~O~0
52.6%
0~O~0~O~0~O~0
52.4%
0~O~0~O~0~O~0
52.4%
connection
52.2%
BOLD
51.9%
be without
51.7%
TACK
51.7%
military vehicle
51.7%
TANK
50.3%
LACK
49.3%
GOAL
48.6%
desire
48.4%
WANE
48%
bide one's time
47.8%
WANT
47.8%
0~O~0~O~0~O~0
47.7%
0~O~0~O~0~O~0
47.7%
WAIT
45.8%
oxidize
45.3%
BUST
45.2%
trick; deception
44.4%
RUST
44.2%
GNAT
43.4%
chew; chomp
43.4%
0~O~0~O~0~O~0
43.2%
0~O~0~O~0~O~0
43.2%
0~O~0~O~0~O~0
42.7%
0~O~0~O~0~O~0
42.7%
ascend
42.6%
RUSE
42.5%
clever
42.5%
RISE
42.5%
GNAW
42%
WISE
41.1%
curve; arc
40.1%
BOND
39.5%
0~O~0~O~0~O~0
37.5%
0~O~0~O~0~O~0
37.5%
transmit
37.5%
rosary object
37.3%
BEND
37.3%
plant starter
37.1%
SEND
37%
appear to be
36.7%
SEED
36.7%
0~O~0~O~0~O~0
36.1%
0~O~0~O~0~O~0
36.1%
flower stalk
35.9%
SEEM
35.9%
STEM
35.5%
ratatouille, eg
35.5%
BEAD
35.1%
STEW
32.8%
distort
32.8%
GOOD JOB
29.6%
SKEW
29.5%

You're not logged in!

Compare scores with friends on all Sporcle quizzes.
Join for Free
OR
Log In

You Might Also Like...

Show Comments

Extras

Top Quizzes Today


Score Distribution

Your Account Isn't Verified!

In order to create a playlist on Sporcle, you need to verify the email address you used during registration. Go to your Sporcle Settings to finish the process.

Report this User

Report this user for behavior that violates our Community Guidelines.

Details: